Chocolate Chip Cookies Quiz Stats

 Plays Quiz Updated Dec 14, 2018

Support Sporcle.
Go Orange.
Score 0/9 Timer 01:00
1 Play Today
Measurement Ingredient % Correct
2 1/4 cupsAll-purpose flour
93.8%
3/4 cupGranulated sugar
89.5%
1 cup (2 sticks)Butter, softened
81.4%
2 cupsSemi-sweet chocolate morsels
79.8%
2Large eggs
63.6%
1 teaspoonSalt
63.5%
1 teaspoonVanilla extract
59%
1 teaspoonBaking soda
58.3%
3/4 cupPacked brown sugar
46.5%

From the Vault

Movie by Superhero Crossover

by rnmkr47

Movies 8m
So this is what they do while in disguise.
Remove Ads.
Support Sporcle.
Get the best of Sporcle when you Go Orange. This ad-free experience offers more features, more stats, and more fun while also helping to support Sporcle. Thank you for becoming a member.

Show Comments

Extras

Top Quizzes Today


Score Distribution

Your Account Isn't Verified!

In order to create a playlist on Sporcle, you need to verify the email address you used during registration. Go to your Sporcle Settings to finish the process.

Report this User

Report this user for behavior that violates our Community Guidelines.

Details: